Diccionario geográfico-estadístico-histórico de Canarias / (Record no. 8872)

MARC details
000 -LEADER
campo de control de longitud fija 01521nam a2200337 i 4500
001 - NÚMERO DE CONTROL
campo de control 8872
003 - IDENTIFICADOR DE NÚMERO DE CONTROL
campo de control ES-MaACL
005 - FECHA Y HORA DE LA ÚLTIMA TRANSACCIÓN
campo de control 20250808063451.0
008 - DATOS DE LONGITUD FIJA--INFORMACIÓN GENERAL
campo de control de longitud fija 921110r19861850sp |||| | spa d
017 ## - NÚMERO DE COPYRIGHT O DE DEPÓSITO LEGAL
Número de copyright o de depósito legal S 831-1986
Agencia que asigna Oficina Depósito Legal Salamanca
020 ## - NÚMERO INTERNACIONAL ESTÁNDAR DEL LIBRO
Número Internacional Estándar del Libro 84-86047-83-8
080 ## - NÚMERO DE LA CLASIFICACIÓN DECIMAL UNIVERSAL
Número de la Clasificación Decimal Universal 908(460.41)"18"(038)
100 1# - ENTRADA PRINCIPAL--NOMBRE DE PERSONA
Nombre de persona Madoz, Pascual,
Fechas asociadas al nombre 1806-1870
Término indicativo de función/relación Autor
9 (RLIN) 75334
245 10 - MENCIÓN DEL TÍTULO
Título Diccionario geográfico-estadístico-histórico de Canarias /
Mención de responsabilidad, etc. Pascual Madoz ; estudio introductorio, Ramón Pérez González ; [editor de la obra, Domingo Sánchez Zurro]
250 ## - MENCION DE EDICION
Mención de edición Ed. facs.
260 ## - PUBLICACIÓN, DISTRIBUCIÓN, ETC.
Lugar de publicación, distribución, etc. Valladolid :
Nombre del editor, distribuidor, etc. Ámbito,
Fecha de publicación, distribución, etc. 1986
300 ## - DESCRIPCIÓN FÍSICA
Extensión XV, 229 páginas :
Otras características físicas ilustraciones, mapas ;
Dimensiones 27 cm
501 ## - NOTA DE CON
Nota de "Con" Incluye: Atlas de España y sus posesiones de Ultramar. Canarias / Francisco Coello, 1849
534 ## - NOTA SOBRE LA VERSIÓN ORIGINAL
Frase introductoria Reproducción parcial de:
Mención de título del original Diccionario geográfico-estadístico-histórico de España y sus posesiones de ultramar por Pascual Madoz.
Publicación, distribución, etc. del original Madrid, 1845-1850
651 #4 - PUNTO DE ACCESO ADICIONAL DE MATERIA--NOMBRE GEOGRÁFICO
Nombre geográfico Canarias-
Subdivisión general Descripción-
Subdivisión de forma Diccionarios
9 (RLIN) 7944
651 #4 - PUNTO DE ACCESO ADICIONAL DE MATERIA--NOMBRE GEOGRÁFICO
Nombre geográfico Canarias-
Subdivisión general Descripción-
Subdivisión cronológica S.XIX
9 (RLIN) 241649
655 #7 - TERMINO DE INDIZACIÓN--GENERO/FORMA
Fuente del término tgfbne
9 (RLIN) 226495
Datos o término principal de género/forma Facsímiles
700 1# - ENTRADA AGREGADA--NOMBRE PERSONAL
Nombre de persona Pérez González, Ramón
Término indicativo de función/relación Autor de introducción
9 (RLIN) 90917
700 1# - ENTRADA AGREGADA--NOMBRE PERSONAL
Nombre de persona Sánchez Zurro, Domingo J.
Término indicativo de función/relación Editor literario
9 (RLIN) 102999
700 1# - ENTRADA AGREGADA--NOMBRE PERSONAL
Nombre de persona Coello, Francisco,
Término indicativo de función/relación Autor
Fechas asociadas al nombre 1822-1898
9 (RLIN) 39459
740 02 - ENTRADA AGREGADA--TÍTULO RELACIONADO/ANALÍTICO NO CONTROLADO
Título relacionado o analítico no controlado Atlas de España y sus posesiones de ultramar. Canarias.
852 4# - LOCALIZACIÓN
Ubicación ES-MaACL
Ubicación en estantería Depósito 2
Número de control de estantería L-16347
942 ## - ELEMENTOS DE ENTRADA SECUNDARIOS (KOHA)
Fuente del sistema de clasificación o colocación Clasificación decimal universal
Tipo de ítem Koha Libro impreso
Suprimir en OPAC No
Holdings
Estatus retirado Estado de pérdida Estado de daño No para préstamo Colección Biblioteca de origen Biblioteca actual Ubicación en estantería Fecha de adquisición Fuente de adquisición Total de préstamos Signatura topográfica completa Código de barras Visto por última vez Precio de reemplazo Tipo de ítem Koha
        Colección de referencia Biblioteca del Ateneo de Madrid Biblioteca del Ateneo de Madrid Depósito 2 17/01/2008     L-16347 1009059 23/02/2023 23/02/2023 Libro impreso